000 01622cam a2200349 a 4500
999 _c28671
_d28671
001 16210057
003 OSt
005 20170314151102.0
008 100429s2011 txua b s001 0 eng
010 _a 2010018557
020 _a9780292723252 (cl. : alk. paper)
040 _aDLC
_cDLC
_dDLC
043 _an-us---
050 0 0 _aNA710.5.P36
_bG66 2011
082 0 0 _a720.1/030973
_222
100 1 _aGonzalez, Robert Alexander,
_d1965-
245 1 0 _aDesigning Pan-America :
_bU.S. architectural visions for the Western Hemisphere /
_cRobert Alexander González.
246 3 0 _aU.S. architectural visions for the Western Hemisphere
250 _a1st ed.
260 _aAustin [Tex.] :
_bUniversity of Texas Press,
_c2011.
300 _axix, 258 p. :
_bill. (chiefly col.) ;
_c26 cm.
490 0 _aRoger Fullington series in architecture
504 _aIncludes bibliographical references and index.
650 0 _aPan-Americanism and architecture
_zUnited States.
650 0 _aArchitecture
_zUnited States
_xHistory
_y19th century.
650 0 _aArchitecture
_zUnited States
_xHistory
_y20th century.
650 0 _aArchitecture
_xPolitical aspects
_zUnited States.
651 0 _aUnited States
_xRelations
_zLatin America.
651 0 _aLatin America
_xRelations
_zUnited States.
906 _a7
_bcbc
_corignew
_d1
_eecip
_f20
_gy-gencatlg
942 _2lcc
_cBOOKS
_hNA 710.5 .P36G66 2011